00446 a2200121 4500001001000000005001700010008004100027245011000068100002200178700002300200773008400223999001700307ART_3436820260410162004.0260409a 10aModelos mixtos generalizados para el estudio del desempleo en los grandes aglomerados ubanos de Argentina1 aDíaz, Margarita1 aGarcía, Fernando0 tRevista de economía y estadísticag- Vol. XLIX, Nº 1 (jun. 2011)wREV34359 c31590d31590